00408nam a2200145Ia 4500003000400000008004100004040001600045082001800061100001800079245007100097700001800168260005300186300001000239650001300249GCL140319s9999 xx 000 0 eng d aGCL / cGCL04a306.8097bO M1 aEAGLE, SELWYN10aMARRIAGE AND THE FAMILY: DIVERSITY AND STRENGTHS / cEAGLE, SELWYN1 aULICH, ROBERT a[S.N] : bMACMILLAN PUBLISHING COMPANY ، c1994 a701 P04aMARRIAGE